000 00585nam a2200205Ia 4500
005 20250923145327.0
008 008 250917s9999 xx 000 0 eng d
037 _aTextual
040 _aDSWL
_beng
_cDSWL
041 _aeng
_2eng
084 _aY3:7:7, N75
_qDSWL
100 _aMukherjee, Ramkrishna
_9834117
245 0 _aSocial Indicators
_c by Ramkrishna Mukherjee
260 _aDelhi
_bThe Macmillan Co.India Ltd.
_c1975
300 _axii,146p.
365 _aINR
_b40 . 0
925 _g40 . 0
942 _cTEXL
_hY3:7:7, N75
999 _c1450044
_d1450044